Score 0/30 Timer 06:00
2 Plays Today
% Correct
FOUR LEAF CLOVERS
90%
FANTASTIC FOUR
89.1%
FOUR CORNERS
88.7%
MINEFIELD
87.9%
BATS
87.8%
WORD LADDER
87.2%
FOUR NON BLONDES
86.9%
FELINES
85.9%
FOUR HORSEMEN
85.8%
VERSATILE
RELATIVES
85.6%
PRECISE
RECIPES
85.4%
CORGI
84.7%
SHOOTING GALLERY
83.9%
NAMELESS
SALESMEN
83.9%
CLIP QUIZ
83.6%
% Correct
DISHONEST
HEDONISTS
83.1%
ALLITERATION
82.5%
BLITZ
81.6%
GEESE
81.1%
OXYMORON
80.4%
CHOW CHOW
80.2%
CLUMBER SPANIEL
77.2%
ESOTERIC
COTERIES
76.3%
LHASA APSO
76%
ANIMALS
75.3%
BEES
72.1%
SAMOYED
71.1%
PORTMANTEAU
63.9%
SPOONERISM
60.5%
MONDEGREEN
58.8%
Remove Ads.
Support Sporcle.
Get the best of Sporcle when you Go Orange. This ad-free experience offers more features, more stats, and more fun while also helping to support Sporcle. Thank you for becoming a member.

You're not logged in!

Compare scores with friends on all Sporcle quizzes.
OR
Log In

Show Comments

Extras

Top Quizzes Today


Score Distribution

Your Account Isn't Verified!

In order to create a playlist on Sporcle, you need to verify the email address you used during registration. Go to your Sporcle Settings to finish the process.

Report this User

Report this user for behavior that violates our Community Guidelines.

Details: